000 00436nam a22001817a 4500
003 NUST
020 _a978-0-07-064776-3
038 _akhadija
082 _a620.004
_bHOL
100 _aHolman, J.P
_987243
245 _aExperimental Methods for Engineers /
_cJ.P. Holman
250 _a7th ed.
260 _aNew Delhi :
_bMcGrawHill ,
_c2014.
300 _a664 p. ;
_b24 cm.
500 _aPaperback.
563 _aPB
942 _cBK
_2ddc
999 _c33614
_d33614